Statistics for NFL team's best WR OAT in 20 Years

Click here to take the quiz!

General Stats

  • This quiz has been taken 27 times
  • The average score is 16 of 32

Answer Stats

TeamWR% Correct
TexansAndre Johnson
80%
LionsCalvin Johnson
80%
BengalsJa'Marr Chase
80%
49ersJerry Rice
76%
VikingsJustin Jefferson
72%
CardinalsLarry Fitzgerald
72%
SteelersAntonio Brown
68%
EaglesDevonta Smith
68%
JaguarsJimmy Smith
68%
BroncosRod Smith
68%
PanthersSteve Smith Sr.
68%
RaidersTim Brown
68%
FalconsJulio Jones
64%
ColtsMarvin Harrison
60%
BuccaneersMike Evans
56%
PatriotsJulian Edelman
52%
SeahawksSteve Largent
52%
RamsIsaac Bruce
48%
CowboysMichael Irvin
48%
BillsAndre Reed
44%
CommandersArt Monk
40%
DolphinsJaylen Waddle
36%
SaintsMarques Colston
36%
ChargersLance Alworth
28%
RavensDerrick Mason
24%
PackersDon Hutson
24%
JetsDon Maynard
24%
ChiefsOtis Taylor
12%
TitansTreylon Burks
12%
BrownsDante Lavelli
8%
GiantsFrank Gifford
8%
BearsJohnny Morris
8%

Score Distribution

Percentile by Number Answered

Percent of People with Each Score

Your Score History

You have not taken this quiz